000 01611nam a22002057a 4500
999 _c58630
_d58630
003 Ge_BSU
005 20220617134822.0
008 220617s2013 ge ||||| |||| 00| 0 geo d
020 _a 9789941445293
041 _ageo
080 _a929.733(479.222.2) ო-32
245 _aოდიშის (სამეგრელოს) სამთავროს თავადთა და აზნაურთა ოჯახები :
_bსამეგრელოს თავადთა და აზნაურთა ღირსებების მქონედ აღიარებულ პირთა სახელდებითი საოჯახო სიები /
_cტექსტები შეკრიბეს და დასაბეჭდად მოამზადეს ზურაბ ჭუმბურიძემ, იური ჩიქოვანმა და ანზორ სიჭინავამ ; ზურაბ ჭუმბურიძის რედ. ; გელათის მეცნ. აკადემია.
264 _aთბ. :
_bარტანუჯი,
_c 2013.
300 _a384 გვ. ;
_b21 სმ.
490 _aარტანუჯის წყაროები, 1512-4482
_v14
500 _aგარეკანზე: სამეგრელო თავადები და აზნაურები.
653 _aქართველი თავად-აზნაურობა.
700 _aჭუმბურიძე, ზურაბ
_eტექსტის მომზადება
_98055
942 _2udc
_cBK